| 000 | 00444nam a2200181Ia 4500 | ||
|---|---|---|---|
| 005 | 20250423101242.0 | ||
| 008 | 250422s9999 xx 000 0 und d | ||
| 020 | _a0553114026 | ||
| 050 | _aTX 355 .D47/ | ||
| 100 | _aDeutsch, Ronald M. | ||
| 245 | 4 | _aThe family guide to better food and better health | |
| 260 | _aNew York | ||
| 260 | _bBantam Books | ||
| 260 | _c1977 | ||
| 300 | _a495 p | ||
| 650 | _aNutrition. Food. | ||
| 942 | _cBK | ||
| 999 |
_c35753 _d35753 |
||